|
|
|
|
| LEADER |
00000naa2a2200000 4500 |
| 001 |
166484 |
| 005 |
20231031162513.0 |
| 035 |
|
|
|a (RuTPU)RU\TPU\book\180594
|
| 090 |
|
|
|a 166484
|
| 100 |
|
|
|a 20091002d2008 k y0rusy50 ca
|
| 101 |
0 |
|
|a rus
|
| 102 |
|
|
|a RU
|
| 200 |
1 |
|
|a Самоорганизация нефтегазовых месторождений и электрофизическая методология исследований
|f В. Н. Сальников, Е. С. Поталицина
|
| 320 |
|
|
|a Библиогр.: 17 назв.
|
| 461 |
|
1 |
|0 (RuTPU)RU\TPU\book\173832
|t Международный научно-практический форум Минерально-сырьевая база Сибири: история становления и перспективы, посвященный 100-летию первого выпуска горных инженеров в Сибири и 90-летию Сибгеолкома
|o материалы научно-практической конференции
|f Томская область, Администрация ; Томский политехнический университет (ТПУ)
|d 2008
|
| 463 |
|
0 |
|0 (RuTPU)RU\TPU\book\173621
|y 98298-383-7
|t Т. 1: Полезные ископаемые
|v С. 166-175
|d 2008
|p 623 с.
|
| 610 |
1 |
|
|a нефтегазовые месторождения
|
| 610 |
1 |
|
|a нефтегазоносность
|
| 610 |
1 |
|
|a углеводороды
|
| 610 |
1 |
|
|a генезис
|
| 610 |
1 |
|
|a нефть
|
| 610 |
1 |
|
|a электрофизические методы
|
| 610 |
1 |
|
|a труды учёных ТПУ
|
| 700 |
|
1 |
|a Сальников
|b В. Н.
|c российский геолог
|c доктор геолого-минералогических наук, профессор Томского политехнического университета
|g Владимир Николаевич
|2 stltpush
|3 (RuTPU)RU\TPU\pers\23466
|
| 701 |
|
1 |
|a Поталицина
|b Е. С.
|
| 801 |
|
1 |
|a RU
|b 63413507
|c 20091002
|
| 801 |
|
2 |
|a RU
|b 63413507
|c 20150930
|g RCR
|
| 942 |
|
|
|c BK
|